| 000 | 00878nam a22002297a 4500 | ||
|---|---|---|---|
| 999 |
_c20960 _d20960 |
||
| 003 | AR-CdUCM | ||
| 008 | 190610b ||||| |||| 00| 0 spa d | ||
| 040 |
_aMUNICIPALIDAD PROVINCIAL DEL CUSCO _cBIBLIOTECA MUNICIPAL DEL CUSCO |
||
| 041 | _heng | ||
| 082 |
_a343.331 / _bC77 |
||
| 100 |
_aCorwin, Edward S. _943736 |
||
| 245 |
_aEl poder ejecutivo : _bFunción y poderes -1787-1957 / |
||
| 260 |
_aBuenos Aires : _bLavalle, _c1959. |
||
| 300 |
_a366 páginas ; _c24.5 cm. |
||
| 500 | _a[libro reempastado] | ||
| 505 | _aContenido: "Poder Ejecutivo": Una expresión de contenido incierto -- La organización de la presidencia -- EL presidente como jefe administrativo... | ||
| 650 |
_aPoder ejecutivo _98901 |
||
| 650 |
_aCongreso dominante _943737 |
||
| 700 |
_aPellegrino, Laura E. (traducción), Charny, Hugo (revisión) _943738 |
||
| 942 |
_2ddc _cLIBROS |
||
| 945 | _aAndy | ||